Every Player to Catch a TD From Aaron Rodgers - Statistics

General Stats
  • This quiz has been taken 388 times
    55 since last reset
  • The average score is 24 of 60
Answer Stats
Team Pos. Player TDs % Correct
GB/NYJ WR Davante Adams 85
100%
GB RB Aaron Jones 18
93%
GB WR Jordy Nelson 70
93%
GB/NYJ WR Allen Lazard 25
90%
GB WR James Jones 45
90%
NYJ WR Garrett Wilson 6
79%
GB WR Randall Cobb 50
79%
GB WR Donald Driver 23
76%
GB RB Eddie Lacy 6
74%
PIT WR DK Metcalf 3
71%
GB WR Greg Jennings 42
71%
GB WR Christian Watson 6
69%
GB TE Jimmy Graham 5
67%
GB TE Mercedes Lewis 6
67%
GB WR Romeo Doubs 3
64%
GB TE Robert Tonyan 18
62%
GB RB Jamaal Williams 6
57%
GB FB John Kuhn 10
57%
GB TE Jermichael Finley 13
55%
GB TE Richard Rodgers 15
55%
NYJ RB Breece Hall 4
52%
GB FB Korey Hall 1
52%
PIT WR Calvin Austin III 2
50%
GB WR Marquez Valdes-Scantling 14
45%
GB RB James Starks 5
43%
PIT RB Jaylen Warren 1
43%
GB WR/RB Ty Montgomery 3
43%
NYJ RB Braelon Allen 1
40%
GB WR Geronimo Allison 6
40%
PIT TE Jonnu Smith 1
40%
NYJ TE Tyler Conklin 4
40%
GB WR Equanimeous St. Brown 1
38%
GB RB AJ Dillon 2
36%
GB WR Jeff Janis 3
33%
GB RB Brandon Jackson 3
31%
GB TE Jared Cook 3
26%
GB TE Andrew Quarless 5
24%
GB WR Jake Kumerow 2
24%
GB RB Ryan Grant 1
24%
NYJ RB Isaiah Davis 1
21%
GB TE Josiah Deguara 1
21%
GB WR Trevor Davis 1
21%
PIT WR Ben Skowronek 1
17%
GB TE Donald Lee 9
17%
GB TE Jace Sternberger 2
17%
GB TE Tom Crabtree 4
17%
GB WR Jarrett Boykin 1
14%
GB WR Malik Taylor 1
14%
GB TE Ryan Taylor 1
14%
GB TE Brandon Bostick 1
12%
GB TE Spencer Havner 5
12%
NYJ WR Xavier Gipson 1
12%
GB TE Dominique Dafney 1
10%
GB WR Samori Toure 1
10%
GB FB Aaron Ripkowski 1
7%
GB WR Ruvell Martin 1
7%
GB TE Lance Kendricks 2
2%
GB TE Justin Perillo 1
0%
GB TE Justin Perillo 1
0%
NYJ TE Kenny Yeboah 1
0%
No matching quizzes found
Score Distribution
Percent of People with Each Score
Percentile by Number Answered
Your Score History
You have not taken this quiz since the last reset